| 000 | 00453pab a2200157 454500 | ||
|---|---|---|---|
| 008 | 180718b2017 xxu||||| |||| 00| 0 eng d | ||
| 100 | _aJohnson, William R. | ||
| 245 | _aParties or problem sets: review article on how college works and paying for the party | ||
| 260 | _c2017 | ||
| 300 | _ap.136-147. | ||
| 362 | _aMar | ||
| 650 | _aDistance education | ||
| 650 | _aHigher education | ||
| 773 | _aJournal of Economic Literature | ||
| 909 | _a114571 | ||
| 999 |
_c114565 _d114565 |
||